|
|
|
|
| LEADER |
00000cam a22000004a 4500 |
| 001 |
musev2_49504 |
| 003 |
MdBmJHUP |
| 005 |
20230905045136.0 |
| 006 |
m o d |
| 007 |
cr||||||||nn|n |
| 008 |
160527s2017 inu o 00 0 eng d |
| 010 |
|
|
|z 2016025126
|
| 020 |
|
|
|a 9780253024077
|
| 020 |
|
|
|z 9780253023995
|
| 020 |
|
|
|z 9780253024039
|
| 035 |
|
|
|a (OCoLC)950901831
|
| 040 |
|
|
|a MdBmJHUP
|c MdBmJHUP
|
| 100 |
1 |
|
|a Rutherford, Blair A.
|q (Blair Allan),
|d 1965-
|e author.
|
| 245 |
1 |
0 |
|a Farm Labor Struggles in Zimbabwe :
|b The Ground of Politics /
|c Blair Rutherford.
|
| 264 |
|
1 |
|a Bloomington, Indiana :
|b Indiana University Press,
|c [2017]
|
| 264 |
|
3 |
|a Baltimore, Md. :
|b Project MUSE,
|c 2017
|
| 264 |
|
4 |
|c ©[2017]
|
| 300 |
|
|
|a 1 online resource (294 pages).
|
| 336 |
|
|
|a text
|b txt
|2 rdacontent
|
| 337 |
|
|
|a computer
|b c
|2 rdamedia
|
| 338 |
|
|
|a online resource
|b cr
|2 rdacarrier
|
| 505 |
0 |
|
|a "Oppression," Maraiti and farm worker livelihoods : shifting grounds in the 1990s -- The traction of rights, the art of politics : the labor "war" at Upfumi -- The drama of politics : dissension, suffering, and violence -- Politics and precarious livelihoods during the time of Jambanja -- Conclusion: Representing labor struggles -- Appendix: Correspondence with the president's office.
|
| 588 |
|
|
|a Description based on print version record.
|
| 650 |
|
7 |
|a Politics and government.
|2 fast
|0 (OCoLC)fst01919741
|
| 650 |
|
7 |
|a Land use
|x Government policy.
|2 fast
|0 (OCoLC)fst00991504
|
| 650 |
|
7 |
|a Land reform.
|2 fast
|0 (OCoLC)fst00991280
|
| 650 |
|
7 |
|a Agriculture and state.
|2 fast
|0 (OCoLC)fst00801722
|
| 650 |
|
7 |
|a Agricultural laborers
|x Political activity.
|2 fast
|0 (OCoLC)fst00800986
|
| 650 |
|
7 |
|a Agricultural laborers
|x Economic conditions.
|2 fast
|0 (OCoLC)fst00800955
|
| 650 |
|
7 |
|a SOCIAL SCIENCE
|x Agriculture & Food.
|2 bisacsh
|
| 650 |
|
7 |
|a POLITICAL SCIENCE
|x Labor & Industrial Relations.
|2 bisacsh
|
| 650 |
|
7 |
|a BUSINESS & ECONOMICS
|x Labor.
|2 bisacsh
|
| 650 |
|
6 |
|a Politique agricole
|z Zimbabwe.
|
| 650 |
|
6 |
|a Utilisation du sol
|x Politique gouvernementale
|z Zimbabwe.
|
| 650 |
|
6 |
|a Reforme agraire
|z Zimbabwe.
|
| 650 |
|
6 |
|a Travailleurs agricoles
|z Zimbabwe
|x Conditions economiques.
|
| 650 |
|
0 |
|a Agriculture and state
|z Zimbabwe.
|
| 650 |
|
0 |
|a Land use
|x Government policy
|z Zimbabwe.
|
| 650 |
|
0 |
|a Land reform
|z Zimbabwe.
|
| 650 |
|
0 |
|a Agricultural laborers
|z Zimbabwe
|x Economic conditions.
|
| 650 |
|
0 |
|a Agricultural laborers
|x Political activity
|z Zimbabwe.
|
| 651 |
|
7 |
|a Zimbabwe.
|2 fast
|0 (OCoLC)fst01209419
|
| 651 |
|
6 |
|a Zimbabwe
|x Politique et gouvernement
|y 1980-
|
| 651 |
|
0 |
|a Zimbabwe
|x Politics and government
|y 1980-
|
| 655 |
|
7 |
|a Electronic books.
|2 local
|
| 710 |
2 |
|
|a Project Muse.
|e distributor
|
| 830 |
|
0 |
|a Book collections on Project MUSE.
|
| 856 |
4 |
0 |
|z Texto completo
|u https://projectmuse.uam.elogim.com/book/49504/
|
| 945 |
|
|
|a Project MUSE - Custom Collection
|
| 945 |
|
|
|a Project MUSE - 2017 Complete
|
| 945 |
|
|
|a Project MUSE - 2017 Political Science and Policy Studies
|
| 945 |
|
|
|a Project MUSE - 2017 African Studies
|